La Ficcion breve de Valle-Inclan (Record no. 7381)

MARC details
000 -LEADER
campo de control de longitud fija 00906nam a2200253 i 4500
001 - NÚMERO DE CONTROL
campo de control 7381
003 - IDENTIFICADOR DE NÚMERO DE CONTROL
campo de control ES-MaACL
005 - FECHA Y HORA DE LA ÚLTIMA TRANSACCIÓN
campo de control 20240427063103.0
007 - CAMPO FIJO DE DESCRIPCIÓN FÍSICA--INFORMACIÓN GENERAL
campo de control de longitud fija t|
008 - DATOS DE LONGITUD FIJA--INFORMACIÓN GENERAL
campo de control de longitud fija 901218s1990 sp ||||1| spa d
020 ## - NÚMERO INTERNACIONAL ESTÁNDAR DEL LIBRO
Número Internacional Estándar del Libro 84-7658-236-6
080 ## - NÚMERO DE LA CLASIFICACIÓN DECIMAL UNIVERSAL
Número de la Clasificación Decimal Universal 86(Valle Inclan,R. del 1.06)
100 0# - ENTRADA PRINCIPAL--NOMBRE DE PERSONA
Nombre de persona González del Valle, Luis,
Fechas asociadas al nombre 1946-
9 (RLIN) 58593
245 13 - MENCIÓN DEL TÍTULO
Título La Ficcion breve de Valle-Inclan
Resto del título : hermeneutica y estrategias narrativas /
Mención de responsabilidad, etc. Luis T. Gonzalez del Valle.
250 ## - MENCION DE EDICION
Mención de edición 1a ed.
260 ## - PUBLICACIÓN, DISTRIBUCIÓN, ETC.
Lugar de publicación, distribución, etc. Barcelona :
Nombre del editor, distribuidor, etc. Anthropos,
Fecha de publicación, distribución, etc. 1990.
300 ## - DESCRIPCIÓN FÍSICA
Extensión 376 p. ;
Dimensiones 20 cm.
490 1# - MENCIÓN DE SERIE
Mención de serie Autores, textos y temas. Literatura ;
Designación de volumen o secuencia 10
504 ## - NOTA DE BIBLIOGRAFÍA, ETC.
Nota de bibliografía, etc. Bibliogr.: p. 331-369.
600 14 - PUNTO DE ACCESO ADICIONAL DE MATERIA--NOMBRE DE PERSONA
Nombre de persona Valle-Inclán, Ramón del,
Fechas asociadas al nombre 1866-1936-
Subdivisión general Crítica e interpretación
9 (RLIN) 112800
830 0# - PUNTO DE ACCESO ADICIONAL DE SERIE-TÍTULO UNIFORME
Título uniforme Autores, textos y temas. Literatura ;
Designación de volumen o secuencia 10
9 (RLIN) 177410
852 ## - LOCALIZACIÓN
Ubicación ES-MaACL
Número de control de estantería L-14678
Sublocalización o colección R.118655
Nota libre . - rust.
Holdings
Estatus retirado Estado de pérdida Estado de daño No para préstamo Biblioteca de origen Biblioteca actual Ubicación en estantería Fecha de adquisición Fuente de adquisición Total de préstamos Signatura topográfica completa Código de barras Visto por última vez Precio de reemplazo Tipo de ítem Koha
        Biblioteca del Ateneo de Madrid Biblioteca del Ateneo de Madrid Depósito 2 17/01/2008     L-14678 1007528 23/02/2023 23/02/2023 Libro impreso